01750cam a2200277 a 450000100090000000300040000900500170001300800410003001000170007102000140008804000230010204200140012508200270013911000650016624500970023125000230032826000640035130000250041550000340044050000970047450001930057150400620076450505720082661000320139865000420143014264104OSt20230602121923.0060213t20052004at 101 0 eng d a 2006365906 a996608021 aANLbengcDLCdDLC alccopycat00a261.808828222222bPON2 aCatholic Church.bPontificium Consilium de Iustitia et Pace.10aCompendium of the social doctrine of the Church /cPontifical Council for Justice and Peace. aEd. for Australia. aStrathfield, N.S.W. :bSt Pauls Publications,c2005, c2004. axx, 481 p. ;c24 cm. a"Libreria Editrice Vaticana". a"Edition for Australia, licensed by the Australian Catholic Bishops Conference"--T.p. verso. a"[The compendium] is designed to stand alongside the Catechism of the Catholic Church as an authoritative summary of the Church's teaching on what makes for human flourishing"--Back cover. aIncluded bibliographical footnote references and indexes.0 aIntroduction: An integral and soidary humanism -- Part 1. Chapter 1. God's plan of love for humanity -- 2. The Church's mission and social doctrine -- 3. The human person and human rights -- 4. Principles of the church's social doctrine -- Part 2. Chapter 5. The family, the vital cell of society -- 6. Human work -- 7. Economic life -- 8. Political community -- 9. The International community -- 10. Safeguarding the environment -- 11. The promotion of peace -- Part 3. Chapter 12. Social doctrine and the ecclesial action -- Conclusion: For a civilization of love.20aCatholic ChurchxDoctrines. 0aChristian sociologyxCatholic Church.